Advances in information systems science (Record no. 10421)
[ view plain ]
| 000 -LEADER | |
|---|---|
| fixed length control field | 00329nam a2200121Ia 4500 |
| 082 ## - DEWEY DECIMAL CLASSIFICATION NUMBER | |
| Classification number | RR 029.7 ADV |
| 100 ## - MAIN ENTRY--AUTHOR NAME | |
| Personal name | Tou, Julius T. ed. |
| 245 #0 - TITLE STATEMENT | |
| Title | Advances in information systems science |
| 260 ## - PUBLICATION, DISTRIBUTION, ETC. (IMPRINT) | |
| Place of publication | New York |
| Name of publisher | Plenum Press |
| Year of publication | 1969 |
| 300 ## - PHYSICAL DESCRIPTION | |
| Number of Pages | V.8 332p.; V.9 340p. |
| 942 ## - ADDED ENTRY ELEMENTS (KOHA) | |
| Koha item type | Books |
| Withdrawn status | Lost status | Damaged status | Not for loan | Home library | Current library | Date acquired | Serial Enumeration / chronology | Bill Date | Full call number | Accession Number | Price effective from | Koha item type |
|---|---|---|---|---|---|---|---|---|---|---|---|---|
| NASSDOC Library | NASSDOC Library | 08/10/2004 | V.8 | 2004-10-22 | RR 029.7 ADV | 21401 | 18/04/2019 | Books | ||||
| NASSDOC Library | NASSDOC Library | 08/10/2004 | V.9 | 2004-10-22 | RR 029.7 ADV | 21402 | 18/04/2019 | Books |
